• 首页
  • 本馆介绍
  • 公告通知
  • 最新文献
  • 馆藏检索
  • 电子资源
  • 读者导购
  • 参考咨询
  • 我的图书馆
  • 登录
  • 详细信息显示
  • 放入我的书架
  • 预约/预借图书
  • 作者相关作品
  • 分类相关作品
  • 丛书相关作品
  • 出版社相关作品

书目信息

  • 表格格式
  • 工作单格式
  • 卡片格式
题名:
石油炼制工艺学
    
 
作者: 程丽华 主编
分册:  
出版信息: 北京   中国石化出版社  2005
页数: 465页
开本: 26cm
丛书名:
单 册:
中图分类: TE624
科图分类:
主题词: 石油炼制--生产工艺
电子资源:
ISBN: 978-7-80164-883-9
000 00817nam0 2200241 450
001 012015000642
005 20150914103443.19
010    @a978-7-80164-883-9@dCNY55.00
100    @a20120103e20052005em y0chiy0110 ea
101 0  @achi
102    @aCN@b110000
105    @ay z 000yy
106    @ar
200 1  @a石油炼制工艺学@Ashi you lian zhi gong yi xue@f程丽华主编
210    @a北京@c中国石化出版社@d2005@h2008重印
215    @a465页@d26cm
306    @a出版日期取自在版编目数据
330    @a本书从石油及其产品的性质出发,介绍了石油及其产品的化学组成以及它们与各种性质之间的关系,在此基础上阐述了各种加工方法、基本原理、生产工艺过程及典型设备和基本工艺计算方法。
606 0  @a石油炼制@x生产工艺
690    @aTE624@v5
701  0 @a程丽华@4主编
801  0 @aCN@b碧洲教育@c20150718
905    @a10447@f3@dTE624@e34
    
    石油炼制工艺学/程丽华主编.-北京:中国石化出版社,2005(2008重印)
    465页;26cm
    
    
    ISBN 978-7-80164-883-9:CNY55.00
    本书从石油及其产品的性质出发,介绍了石油及其产品的化学组成以及它们与各种性质之间的关系,在此基础上阐述了各种加工方法、基本原理、生产工艺过程及典型设备和基本工艺计算方法。
●
相关链接 在E读中查询图书 在五车中查询图书 在当当中查询图书 在豆瓣中查询图书


正题名:石油炼制工艺学     索取号:TE624/34         预约/预借

序号 登录号 条形码 馆藏地/架位号 状态 备注
1 0848596   208485968   第二样本阅览室/ [索取号:TE624/34] 在馆    
2 0848597   208485977   第三借阅区/ [索取号:TE624/34] 在馆    
3 0848598   208485986   第三借阅区/ [索取号:TE624/34] 在馆    
唐山师范学院图书馆 欢迎您!
大连网信软件有限公司© 版权所有